| 000 | 00746nam a2200217Ia 4500 | ||
|---|---|---|---|
| 003 | GCL | ||
| 008 | 140319s9999 xx 000 0 ara d | ||
| 020 | _a5542419977 | ||
| 040 |
_aGCL / _cGCL |
||
| 082 | 0 | 4 |
_a332.1 _bط ا |
| 100 | 1 | _aطلعت اسعد عبدالحميد | |
| 245 | 1 | 0 |
_aادارة البنوك المتكاملة : _bالحل العصرى لكافة المشاكل المتعلقة بالمال / _cطلعت اسعد عبدالحميد |
| 260 |
_a[S.N] : _bد. ن ، _c1998 |
||
| 300 |
_a358 ص ؛ _c24 سم |
||
| 650 | 0 | 4 | _aالبنوك |
| 650 | 0 | 4 | _aبنوك الاستثمار |
| 650 | 0 | 4 | _aالودائع |
| 650 | 0 | 4 | _aالبنوك - تنظيم و ادارة |
| 650 | 0 | 4 | _aالبنوك - خدمات |
| 942 |
_2ddc _cBK |
||
| 999 |
_c9231 _d9231 |
||